00422 a2200133 4500020001500000050002000015110000800035245006200043264005100105300001200156500008000168650002700248650001300275 a0435150952 aPR9348 OPE 2002 aOCR aOpening worlds :bshort stories from different cultures / aLondon :bBiddles / Heinemann Books Ltd,c2002 a105p. : aIncludes an introduction with a list of authors and the stories in the book aFiction short stories  aCultures